000 00526nam a2200217Ia 4500
003 OSt
005 20220928143739.0
006 a|||||r|||| 00| 0
007 ta
008 220927b |||||||| |||| 00| 0 eng d
024 _a23087
037 _cTextual
040 _aSDCL
_cSDCL
_beng
041 _2eng
_aeng
082 _aO15,1D40,7:g, L3
100 _aHemadri
_9506045
245 0 _aRaghuvanshdarpana.
260 _c1973
942 _hO15,1D40,7:g, L3
_cTEXL
_2CC
999 _c825033
_d825033